Effectif du HAC 2024/2025 - Statistiques

Statistiques générales
  • Ce quiz a été pris 142 fois
  • Le résultat moyen est 20 sur 31
Statistiques - réponses
Poste Nom % Correct
G Arthur Desmas
96%
G Mathieu Gorgelin
95%
A André Ayew
91%
M Yacine Kechta
91%
D Arouna Sanganté
89%
D Gautier Lloris
88%
M Abdoulaye Touré
86%
Coach Didier Digard
86%
D Étienne Youté
83%
D Loïc Négo
81%
A Josué Casimir
78%
D Yanis Zouaoui
73%
M Oussama Targhalline
71%
A Issa Soumaré
69%
M Rassoul Ndiaye
69%
D Christopher Opéri
68%
A Antoine Joujou
65%
G Paul Argney
64%
D Timothée Pembélé
61%
A Andy Logbo
50%
M Daler Kuziaev
50%
A Emmanuel Sabbi
50%
A Steve Ngoura
49%
M Aloïs Confais
48%
D Yoann Salmier
45%
D Oualid El Hajjam
43%
A Ilyes Housni
39%
A Samuel Grandsir
38%
A Yann Kitala
38%
M Ismaïl Bouneb
28%
A Ruben Londja
20%
Aucun quiz correspondant
Distribution des résultats
% des personnes avec chaque résultat
Percentile par nombre de réponses
Votre historique - résultats
Vous n’avez pas pris ce quiz